F1 world champions - Statistics

General Stats
  • This quiz has been taken 1,982 times
  • The average score is 34 of 48
Answer Stats
Wins Champion % Correct
7 Hamilton
99%
4 Vettel
97%
1 Nico Rosberg
96%
1 Keke Rosberg
95%
7 Schumacher
95%
2 Alonso
93%
1 Raikkonen
93%
3 Senna
92%
16 Ferrari
91%
6 Mercedes
91%
1 Button
90%
8 Mclaren
90%
4 Red Bull
90%
4 Prost
89%
1 Damon Hill
85%
2 Graham Hill
84%
2 Hakkinen
84%
3 Lauda
84%
1 Phil Hill
84%
9 Williams
84%
2 Renault
83%
5 Fangio
81%
1 Villeneuve
76%
1 Mansell
75%
1 Brawn
74%
1 Hunt
73%
3 Piquet
72%
2 Ascari
70%
3 Brabham
66%
2 Brabham
66%
1 Farina
64%
3 Stewart
64%
2 Fittipaldi
63%
7 Lotus
63%
2 Clark
58%
1 Scheckter
57%
1 Andretti
55%
1 Jones
55%
1 Benneton
54%
1 Hawthorn
50%
1 Rindt
50%
1 Hulme
48%
1 Surtees
48%
1 Tyrell
38%
2 Cooper
36%
1 BRM
35%
1 Vanwall
33%
1 Matra
29%
No matching quizzes found
Score Distribution
Percent of People with Each Score
Percentile by Number Answered
Your Score History
You have not taken this quiz